00839 2200301 4500001002100000005001700021008004100038020001800079035002400097082001100121090002100132100002600153245009000179250001100269260004100280300002400321440002600345500003500371650002300406700001700429700000900446850001600455980001500471985000600486999001500492999001500507999001500522YOGYA-0209000006771920090227092013.0 ind  a979-20-1638-4 0010-020900000067719 a028.55 a028.55bWil DlK aWILDER, Laura Ingalls aDansa di rumah kakekclaura Ingalls Wilder ; ilustrasi Rence Graef ; alih bahasa neni aCet. 1 aJakartabElex media Komputindoc2000 a24 hlmbilusc17 cm aSeri little house ; 6 aJudul asli :Dance of grandpa's aBacaan kanak-kanak aGraef, Rence aNeni aYOPDYOG JSC a01-01-2009 a3 a00P0000658 a00P0000659 a00P0000660